00727nam a22001937a 4500999001900000005001700019010001500036020002800051035001400079037000900093082000800102100002000110245007100130260005700201270011700258300002000375942002200395952011600417 c183574d18357420211229102000.0 aENG-130162 a978-93-886-9526c699.00 aEN-113694 bDBAD a954 aVarma, Pavan K. aChankay's View:bUnderstanding India In TransitioncPavan K. Varma aChennaibWestland Publications Private Limitedc2019 a1st Floor, A Block, East Wing, Plot No. 40, SP Infocity, Dr MGR Salai, Perungudi, KandanchavadibChennaie600096 a324pc24cm(hbk) 2ddccENh954mVAR 001040708NFICaMbMd2021-12-29eDBAD/PUBg699.00l0o954 VARpEN-113694r2021-12-29 00:00:00t1v699.00yEN